U.S. Secretaries of the Treasury Quiz Stats

Quiz not verified by Sporcle

Challenge
Share
Tweet
Embed
Score 0/77 Timer 10:00
0 Plays Today
In Office Secretary of the Treasury % Correct
(1789-1795)Alexander Hamilton
91.8%
(2013-2017)Jack Lew
82.4%
(2017- )Steven T. Mnuchin
79.6%
(2009-2013)Timothy Geithner
79.5%
(2006-2009)Henry Paulson
74.9%
(1861-1864)Salmon P. Chase
69.7%
(2002-2006)John W. Snow
65.6%
(1999-2001)Lawrence Summers
65%
(2001-2002)Paul O'Neill
64.2%
(1985-1988)James Baker
62.4%
(1981-1985)Donald Regan
60.5%
(1994-1999)Robert Rubin
59.4%
(1801-1814)Albert Gallatin
59.1%
(1993-1994)Lloyd Bentsen
56.5%
(1921-1932)Andrew W. Mellon
53.5%
(1972-1974)George P. Shultz
53.2%
(1795-1800)Oliver Wolcott, Jr.
52.8%
(1833-1834)Roger B. Taney
52.8%
(1933-1945)Henry Morgenthau, Jr.
51.2%
(1988-1993)Nicholas F. Brady
50.1%
(1969-1971)David M. Kennedy
48.6%
(1961-1965)C. Douglas Dillon
46.5%
(1801)Samuel Dexter
46.3%
(1979-1981)G. William Miller
45.9%
(1831-1833)Louis McLane
45.4%
(1816-1825)William H. Crawford
44.5%
(1825-1829)Richard Rush
44.3%
(1814-1816)Alexander J. Dallas
43.8%
(1971-1972)John Connally
43.8%
(1864-1865)William P. Fessenden
43.5%
(1974-1977)William E. Simon
43%
(1877-1881)John Sherman
42.8%
(1977-1979)W. Michael Blumenthal
42.8%
(1945-1946)Fred M. Vinson
42.1%
(1814)George W. Campbell
41.9%
(1834-1841)Levi Woodbury
41.7%
(1860-1861)Philip Thomas
41.2%
(1957-1961)Robert B. Anderson
41.1%
(1829-1831)Samuel D. Ingham
40.6%
In Office Secretary of the Treasury % Correct
(1865-1869)Hugh McCulloch
40.2%
(1884-1885)Hugh McCulloch
40.2%
(1913-1918)William Gibbs McAdoo
40%
(1861)John A. Dix
39.6%
(1833)William J. Duane
39%
(1841)Thomas Ewing
39%
(1884)Walter Q. Gresham
39%
(1845-1849)Robert J. Walker
37.9%
(1857-1860)Howell Cobb
37.5%
(1873-1874)William A. Richardson
36.9%
(1918-1920)Carter Glass
36.3%
(1841-1843)Walter Forward
36%
(1933)William H. Woodin
35.8%
(1844-1845)George M. Bibb
35.2%
(1932-1933)Ogden L. Mills
34.8%
(1965-1968)Henry H. Fowler
34.4%
(1891-1893)Charles Foster
33.9%
(1968-1969)Joseph W. Barr
33.9%
(1843-1844)John C. Spencer
33.8%
(1881)William Windom
33.7%
(1889-1891)William Windom
33.7%
(1946-1953)John W. Snyder
32.9%
(1907-1909)George B. Cortelyou
32.8%
(1953-1957)George M. Humphrey
32.7%
(1849-1850)William M. Meredith
32.5%
(1850-1853)Thomas Corwin
32.4%
(1869-1873)George S. Boutwell
32.4%
(1853-1857)James Guthrie
31.6%
(1874-1876)Benjamin Bristow
31%
(1881-1884)Charles J. Folger
30.6%
(1902-1907)L.M. Shaw
29.7%
(1920-1921)David F. Houston
29.7%
(1909-1913)Franklin MacVeagh
29.6%
(1876-1877)Lot M. Morrill
29.2%
(1893-1897)John G. Carlisle
28.9%
(1897-1902)Lyman J. Gage
27.7%
(1887-1889)Charles S. Fairchild
26.3%
(1885-1887)Daniel Manning
26.1%

You're not logged in!

Compare scores with friends on all Sporcle quizzes.
Join for Free
OR
Log In

You Might Also Like...

Show Comments

Extras

Top Quizzes Today


Score Distribution

Your Account Isn't Verified!

In order to create a playlist on Sporcle, you need to verify the email address you used during registration. Go to your Sporcle Settings to finish the process.

Report this User

Report this user for behavior that violates our Community Guidelines.

Details: